LEADER 01219nam 22003733 450 001 9910780586803321 005 20221224060544.0 010 $a9781925266443$b(electronic bk.) 010 $z9781743362921 035 $a(MiAaPQ)EBC6426245 035 $a(Au-PeEL)EBL6426245 035 $a(CKB)25794052100041 035 $a(EXLCZ)9925794052100041 100 $a20221224d2016 uy 0 101 0 $aeng 135 $aurcnu|||||||| 181 $ctxt$2rdacontent 182 $cc$2rdamedia 183 $acr$2rdacarrier 200 10$aClothBound $eIconic Fabric Designs; Stories of a Handmade Process 205 $a1st ed. 210 1$aSydney :$cMurdoch Books Pty Limited,$d2016. 210 4$dİ2015. 215 $a1 online resource (320 pages) 311 08$aPrint version: Paterson, Julie ClothBound Sydney : Murdoch Books Pty Limited,c2016 9781743362921 330 $aA richly illustrated glimpse into the life of an artist whose timeless fabric designs grace home furnishings the world over. 676 $a677.022 700 $aPaterson$b Julie$01508790 801 0$bMiAaPQ 801 1$bMiAaPQ 801 2$bMiAaPQ 912 $a9910780586803321 996 $aClothBound$93740266 997 $aUNINA